000 00813nam a22002897a 4500
003 DO-SdBNP
005 20180220112343.0
008 151029b 1993 sp a 00| 0 spa d
020 _a8434815397
040 _aBPMSU
_bspa
_cBPMSU
100 _aWhitmore, Ken
240 1 _aJump! /
245 _aSaltad todos /
_cKen Whitmore ; traducción Fidel Castellanos, ilustraciones José Luis Cortés
250 _a9a. ed.
260 _aMadrid :
_bSM
_c1993
300 _a160 p. :
_bil
_g20 cm
490 0 _aEl barco de vapor
_v31
490 0 _aNaranja
521 _aA partir de 9 años.
700 1 _aCastellanos, Fidel
_etrad.
700 1 _aCortés, José Luis
_eil.
830 0 _aEl barco de vapor
_v31
830 0 _aNaranja
942 _2ddc
_cBK
945 _aInventariado, 2018/ YL
956 _adaysi garcia
999 _c8495
_d8495